[Event "CRO-chT (Women) 31st"]
[Site "Veli Losinj"]
[Date "2023.10.16"]
[Round "7.3"]
[White "Knezevic, Zeljka"]
[Black "Svaljek, Radmila"]
[Result "1/2-1/2"]
[WhiteElo "2073"]
[BlackElo "1928"]
[PlyCount "28"]
[EventDate "2023.10.11"]
[EventType "team-tourn"]
[EventRounds "9"]
[EventCountry "CRO"]
[SourceTitle "Mega2024 Update 01"]
[Source "Chessbase"]
[SourceDate "2023.11.12"]
[SourceVersion "1"]
[SourceVersionDate "2023.11.12"]
[SourceQuality "1"]
[WhiteTeam "Sisak (W)"]
[BlackTeam "Novo Virje Konaki (W)"]
[WhiteTeamCountry "CRO"]
[BlackTeamCountry "CRO"]

1. Nf3 d5 2. g3 Nf6 3. Bg2 c6 4. d4 Bf5 5. Nbd2 h6 6. Nh4 Bh7 7. 0-0 e6 8. Nhf3 Nbd7 9. Re1 Bd6 10. c4 0-0 11. c5 Bc7 12. b4 e5 13. Nb3 exd4 14. Nbxd4 Re8 1/2-1/2

[Event "CRO-chT (Women) 31st"]
[Site "Veli Losinj"]
[Date "2023.10.14"]
[Round "5.3"]
[White "Ljikar, Tamara"]
[Black "Svaljek, Radmila"]
[Result "1/2-1/2"]
[WhiteElo "1950"]
[BlackElo "1928"]
[PlyCount "80"]
[EventDate "2023.10.11"]
[EventType "team-tourn"]
[EventRounds "9"]
[EventCountry "CRO"]
[SourceTitle "Mega2024 Update 01"]
[Source "Chessbase"]
[SourceDate "2023.11.12"]
[SourceVersion "1"]
[SourceVersionDate "2023.11.12"]
[SourceQuality "1"]
[WhiteTeam "Zagreb Mladost (W)"]
[BlackTeam "Novo Virje Konaki (W)"]
[WhiteTeamCountry "CRO"]
[BlackTeamCountry "CRO"]

1. e4 e6 2. d4 d5 3. Nc3 dxe4 4. Nxe4 Bd7 5. Nf3 Bc6 6. Bd3 Nd7 7. Qe2 Ngf6 8. Neg5 Bxf3 9. Nxf3 c6 10. 0-0 h6 11. c3 Be7 12. Ne5 Nxe5 13. dxe5 Nd7 14. Kh1 Qc7 15. f4 g6 16. Bd2 h5 17. Rae1 Bh4 18. Rd1 Be7 19. b4 a5 20. b5 cxb5 21. Bxb5 Kf8 22. Be3 Nc5 23. Qf3 Kg7 24. Bxc5 Qxc5 25. c4 b6 26. Rd7 Rad8 27. Ra7 Rb8 28. Rd1 Rhd8 29. h3 Rxd1+ 30. Qxd1 Rd8 31. Rd7 Rxd7 32. Qxd7 Qa3 33. Kh2 Bh4 34. Qd2 Qg3+ 35. Kg1 Qe1+ 36. Qxe1 Bxe1 37. g4 hxg4 38. hxg4 Bg3 39. f5 Bxe5 40. fxe6 fxe6 1/2-1/2

[Event "CRO-chT (Women) 31st"]
[Site "Veli Losinj"]
[Date "2023.10.12"]
[Round "3.3"]
[White "Ascic, Josipa"]
[Black "Svaljek, Radmila"]
[Result "0-1"]
[WhiteElo "1541"]
[BlackElo "1928"]
[PlyCount "66"]
[EventDate "2023.10.11"]
[EventType "team-tourn"]
[EventRounds "9"]
[EventCountry "CRO"]
[SourceTitle "Mega2024 Update 01"]
[Source "Chessbase"]
[SourceDate "2023.11.12"]
[SourceVersion "1"]
[SourceVersionDate "2023.11.12"]
[SourceQuality "1"]
[WhiteTeam "Djakovo Limmont (W)"]
[BlackTeam "Novo Virje Konaki (W)"]
[WhiteTeamCountry "CRO"]
[BlackTeamCountry "CRO"]

1. d4 d5 2. Nf3 Nf6 3. Bf4 e6 4. e3 c5 5. c3 Nc6 6. Nbd2 h6 7. h3 Bd6 8. Bxd6 Qxd6 9. dxc5 Qxc5 10. Nd4 Qb6 11. N2b3 e5 12. Nxc6 bxc6 13. Qc2 a5 14. Be2 Be6 15. 0-0 0-0 16. c4 Rfd8 17. Rfd1 a4 18. Nd2 d4 19. c5 Qc7 20. exd4 Rxd4 21. Nf3 Rd5 22. b4 axb3 23. axb3 Rad8 24. Rxd5 Bxd5 25. b4 e4 26. Nd2 Qe5 27. Rb1 e3 28. Nf3 exf2+ 29. Kxf2 Qf4 30. Qc1 Ne4+ 31. Kg1 Qf6 32. Bc4 Nc3 33. Rb2 Bxc4 0-1

[Event "CRO-chT (Women) 30th"]
[Site "Porec"]
[Date "2022.09.27"]
[Round "5.1"]
[White "Svaljek, Radmila"]
[Black "Spiranec, Noemi"]
[Result "1/2-1/2"]
[WhiteElo "1968"]
[BlackElo "2051"]
[PlyCount "60"]
[EventDate "2022.09.24"]
[EventType "team-tourn"]
[EventRounds "9"]
[EventCountry "CRO"]
[SourceTitle "CBM 210 Extra"]
[Source "ChessBase"]
[SourceDate "2022.11.30"]
[SourceVersion "1"]
[SourceVersionDate "2022.11.30"]
[SourceQuality "1"]
[WhiteTeam "Novo Virje Konaki (W)"]
[BlackTeam "Zagreb Mladost (W)"]
[WhiteTeamCountry "CRO"]
[BlackTeamCountry "CRO"]

1. d4 Nf6 2. Nf3 e6 3. Bg5 Be7 4. c3 b6 5. e3 Bb7 6. Nbd2 Ne4 7. Bxe7 Qxe7 8. Nxe4 Bxe4 9. Bd3 Bxd3 10. Qxd3 d5 11. e4 c6 12. 0-0 Nd7 13. Rfe1 0-0 14. Re3 Rfd8 15. Nd2 Nf6 16. Rh3 dxe4 17. Nxe4 h6 18. Nxf6+ Qxf6 19. Qe4 Rd5 20. Rf3 Qd8 21. Re1 Qd7 22. Rg3 Re8 23. Qf4 Kf8 24. Qg4 Rg5 25. Qe4 Rxg3 26. hxg3 Qd5 27. b3 Rd8 28. Qc2 f6 29. Kf1 Kf7 30. Qe4 Rd7 1/2-1/2

[Event "CRO-chT (Women) 29th"]
[Site "Mali Losinj"]
[Date "2021.09.29"]
[Round "5.2"]
[White "Roklicer, Heike"]
[Black "Svaljek, Radmila"]
[Result "1/2-1/2"]
[WhiteElo "2007"]
[BlackElo "1922"]
[PlyCount "64"]
[EventDate "2021.09.25"]
[EventType "team-tourn"]
[EventRounds "9"]
[EventCountry "CRO"]
[SourceTitle "CBM 204 Extra"]
[Source "ChessBase"]
[SourceDate "2021.11.30"]
[SourceVersion "1"]
[SourceVersionDate "2021.11.30"]
[SourceQuality "1"]
[WhiteTeam "Busevec Polet (W)"]
[BlackTeam "Novo Virje Konaki (W)"]
[WhiteTeamCountry "CRO"]
[BlackTeamCountry "CRO"]

1. d4 d5 2. c4 e6 3. Nc3 Nf6 4. Nf3 Be7 5. Qa4+ c6 6. e3 0-0 7. cxd5 exd5 8. Bd3 Nbd7 9. 0-0 Re8 10. Bd2 Bd6 11. Qc2 Nf8 12. h3 Qe7 13. Bf5 Ne4 14. Bxc8 Nxd2 15. Nxd2 Raxc8 16. Qf5 Ng6 17. g3 Qc7 18. Qf3 Re6 19. Ne2 Rf6 20. Qg4 Re8 21. Kg2 Bb4 22. Nc3 Nf8 23. Rac1 Rg6 24. Qe2 Bd6 25. Nb5 Qb8 26. Nxd6 Qxd6 27. f4 Rge6 28. Rf3 R6e7 29. Qd3 Nd7 30. Qc3 Nf6 31. Rcf1 Ne4 32. Nxe4 Rxe4 1/2-1/2

[Event "CRO-chT (Women) 28th"]
[Site "Mali Losinj"]
[Date "2019.10.03"]
[Round "7.22"]
[White "Svaljek, Radmila"]
[Black "Blazeka, Mihaela"]
[Result "1/2-1/2"]
[WhiteElo "1950"]
[BlackElo "2092"]
[PlyCount "99"]
[EventDate "2019.09.28"]
[EventType "team-tourn"]
[EventRounds "9"]
[EventCountry "CRO"]
[SourceTitle "EXT 2020"]
[Source "ChessBase"]
[SourceDate "2019.10.17"]
[SourceVersion "1"]
[SourceVersionDate "2019.10.17"]
[SourceQuality "1"]
[WhiteTeam "Novo Virje Konaki (W)"]
[BlackTeam "Zagreb Mladost (W)"]
[WhiteTeamCountry "CRO"]
[BlackTeamCountry "CRO"]

1. d4 Nf6 2. Nf3 e6 3. Bg5 Be7 4. e3 b6 5. Bd3 Bb7 6. 0-0 Ne4 7. Bxe7 Qxe7 8. Nbd2 f5 9. c4 d6 10. Qc2 Nxd2 11. Nxd2 Qg5 12. e4 0-0 13. d5 f4 14. Nf3 Qh5 15. Be2 Qg6 16. Rac1 e5 17. b4 Nd7 18. Nh4 Qg5 19. Nf3 Qe7 20. h3 Kh8 21. Nh2 g5 22. Bg4 Nf6 23. Be6 Bc8 24. Bxc8 Raxc8 25. c5 Qd7 26. Qe2 h5 27. f3 c6 28. dxc6 Rxc6 29. cxd6 Qxd6 30. Rxc6 Qxc6 31. h4 gxh4 32. Qf2 Rg8 33. Qxh4 Kh7 34. Ng4 Nxg4 35. fxg4 Qg6 36. Qe7+ Rg7 37. Qxe5 Qxg4 38. Qf5+ Qxf5 39. exf5 Rg4 40. Kf2 Kh6 41. Rd1 Rg7 42. a4 Kg5 43. Rd5 Rf7 44. f6+ Kg6 45. a5 Rxf6 46. a6 b5 47. Rxb5 Rxa6 48. Kf3 Rf6 49. Ra5 Rf7 50. Rb5 1/2-1/2

[Event "CRO-chT (Women) 28th"]
[Site "Mali Losinj"]
[Date "2019.10.01"]
[Round "5.12"]
[White "Djukic, Sandra"]
[Black "Svaljek, Radmila"]
[Result "1-0"]
[WhiteElo "2179"]
[BlackElo "1950"]
[PlyCount "71"]
[EventDate "2019.09.28"]
[EventType "team-tourn"]
[EventRounds "9"]
[EventCountry "CRO"]
[SourceTitle "EXT 2020"]
[Source "ChessBase"]
[SourceDate "2019.10.17"]
[SourceVersion "1"]
[SourceVersionDate "2019.10.17"]
[SourceQuality "1"]
[WhiteTeam "Rijeka Draga (W)"]
[BlackTeam "Novo Virje Konaki (W)"]
[WhiteTeamCountry "CRO"]
[BlackTeamCountry "CRO"]

1. d4 d5 2. c4 e6 3. Nf3 Nf6 4. Nc3 c6 5. Bg5 Nbd7 6. e3 Bd6 7. Qc2 h6 8. Bh4 0-0 9. cxd5 exd5 10. Bd3 Re8 11. 0-0 Qc7 12. Bf5 a5 13. Rac1 Qb8 14. Rfe1 Bb4 15. Nd2 Bd6 16. Nf1 g5 17. Bg3 Bxg3 18. Nxg3 Qd6 19. Rcd1 Qf8 20. e4 dxe4 21. Ngxe4 Kg7 22. Re3 Nd5 23. Rg3 Qe7 24. h4 f6 25. Nxd5 cxd5 26. Nc3 Qd6 27. Nb5 Qb4 28. Nc7 Re1+ 29. Rxe1 Qxe1+ 30. Kh2 Rb8 31. Nxd5 Qe8 32. Re3 Qh5 33. g4 Qxh4+ 34. Kg2 Nf8 35. Rh3 Bxf5 36. Qxf5 1-0

[Event "CRO-chT (Women) 26th"]
[Site "Mali Losinj"]
[Date "2017.10.02"]
[Round "6.13"]
[White "Svaljek, Radmila"]
[Black "Bogdanic, Katarina"]
[Result "1/2-1/2"]
[WhiteElo "1967"]
[BlackElo "1982"]
[PlyCount "85"]
[EventDate "2017.09.28"]
[EventType "team-tourn"]
[EventRounds "9"]
[EventCountry "CRO"]
[SourceTitle "EXT 2018"]
[Source "ChessBase"]
[SourceDate "2017.10.13"]
[SourceVersion "1"]
[SourceVersionDate "2017.10.13"]
[SourceQuality "1"]
[WhiteTeam "Rijeka Junior (W)"]
[BlackTeam "Rijeka Draga (W)"]
[WhiteTeamCountry "CRO"]
[BlackTeamCountry "CRO"]

1. d4 Nf6 2. Nf3 e6 3. Bf4 c5 4. c3 b6 5. e3 Bb7 6. Nbd2 Be7 7. h3 0-0 8. Be2 d6 9. 0-0 Nbd7 10. Nc4 Ne4 11. Nfd2 Nxd2 12. Qxd2 Nf6 13. dxc5 dxc5 14. Rfd1 Qxd2 15. Rxd2 Rfd8 16. Rad1 Rd5 17. Bf3 Rxd2 18. Nxd2 Bxf3 19. Nxf3 Nd5 20. Bg3 b5 21. Kf1 Nb6 22. Ke2 Rc8 23. Rd2 a5 24. Rc2 f6 25. Nd2 a4 26. Ne4 e5 27. f3 Nc4 28. Nd2 Nd6 29. e4 Rd8 30. Bf2 Ne8 31. Nf1 Nc7 32. Ne3 Bf8 33. Rd2 Rxd2+ 34. Kxd2 Kf7 35. Nc2 Ke6 36. Ne1 Kd7 37. Nc2 Kc6 38. h4 Ne6 39. g3 g6 40. g4 Nf4 41. Bg3 Ne6 42. Bf2 Nf4 43. Bg3 1/2-1/2

[Event "CRO-chT (Women) 26th"]
[Site "Mali Losinj"]
[Date "2017.09.30"]
[Round "4.24"]
[White "Smetisko, Marija"]
[Black "Svaljek, Radmila"]
[Result "1/2-1/2"]
[WhiteElo "1795"]
[BlackElo "1967"]
[PlyCount "75"]
[EventDate "2017.09.28"]
[EventType "team-tourn"]
[EventRounds "9"]
[EventCountry "CRO"]
[SourceTitle "EXT 2018"]
[Source "ChessBase"]
[SourceDate "2017.10.13"]
[SourceVersion "1"]
[SourceVersionDate "2017.10.13"]
[SourceQuality "1"]
[WhiteTeam "Busevec Polet (W)"]
[BlackTeam "Rijeka Junior (W)"]
[WhiteTeamCountry "CRO"]
[BlackTeamCountry "CRO"]

1. e4 e6 2. d4 d5 3. exd5 exd5 4. Nc3 Bb4 5. Bd3 Nc6 6. Nge2 Nge7 7. Bf4 Bg4 8. f3 Bf5 9. Bxf5 Nxf5 10. Qd3 Nh4 11. 0-0 a6 12. Qe3+ Be7 13. Ng3 0-0 14. Rfe1 Bf6 15. Nce2 Re8 16. Qd2 Ng6 17. Be3 Qd7 18. Nh5 Bh4 19. Nhg3 b6 20. c3 Na5 21. b3 Nb7 22. Bg5 Bxg5 23. Qxg5 h6 24. Qf5 Rad8 25. Kf2 Qc6 26. Rac1 Nd6 27. Qd3 Qd7 28. Rc2 a5 29. Rcc1 Re6 30. Qd2 Rf6 31. Kg1 Nh4 32. Qd3 Ndf5 33. Nxf5 Rxf5 34. Ng3 Rf6 35. Re2 Ng6 36. Qd2 Nh4 37. Qd3 Ng6 38. Qd2 1/2-1/2

[Event "CRO-chT (Women) 26th"]
[Site "Mali Losinj"]
[Date "2017.09.30"]
[Round "3.24"]
[White "Svaljek, Radmila"]
[Black "Raguz, Ivanka"]
[Result "0-1"]
[WhiteElo "1967"]
[BlackElo "1812"]
[PlyCount "62"]
[EventDate "2017.09.28"]
[EventType "team-tourn"]
[EventRounds "9"]
[EventCountry "CRO"]
[SourceTitle "EXT 2018"]
[Source "ChessBase"]
[SourceDate "2017.10.13"]
[SourceVersion "1"]
[SourceVersionDate "2017.10.13"]
[SourceQuality "1"]
[WhiteTeam "Rijeka Junior (W)"]
[BlackTeam "Djakovo Dama (W)"]
[WhiteTeamCountry "CRO"]
[BlackTeamCountry "CRO"]

1. d4 d5 2. Nf3 Nf6 3. Bg5 Ne4 4. Bf4 f6 5. h3 Nc6 6. e3 g5 7. Bh2 h5 8. Nfd2 Nxd2 9. Qxd2 Bf5 10. Bd3 Qd7 11. a3 0-0-0 12. Nc3 e5 13. Bxf5 Qxf5 14. 0-0-0 exd4 15. exd4 Bh6 16. Kb1 g4 17. hxg4 hxg4 18. Qe2 Bg5 19. Nb5 Rhe8 20. Qf1 Re7 21. Bg3 a6 22. Nc3 Rde8 23. Qd3 Qd7 24. Na4 Na5 25. Nc5 Qc6 26. Rh7 Nc4 27. Rxe7 Rxe7 28. Rh1 Nd2+ 29. Ka2 Ne4 30. Qe2 Nc3+ 31. bxc3 Rxe2 0-1

[Event "CRO-chT (Women) 21st"]
[Site "Sibenik"]
[Date "2012.09.27"]
[Round "6.3"]
[White "Svaljek, Radmila"]
[Black "Ivekovic, Irena"]
[Result "1/2-1/2"]
[WhiteElo "1998"]
[BlackElo "1898"]
[PlyCount "30"]
[EventDate "2012.09.23"]
[EventType "team-tourn"]
[EventRounds "9"]
[EventCountry "CRO"]
[SourceTitle "CBM 150 Extra"]
[Source "ChessBase"]
[SourceDate "2012.10.19"]
[SourceVersion "1"]
[SourceVersionDate "2012.10.19"]
[SourceQuality "1"]
[WhiteTeam "Rijeka Lucija (W)"]
[BlackTeam "Rijeka Milenij Hoteli (W)"]
[WhiteTeamCountry "CRO"]
[BlackTeamCountry "CRO"]

1. d4 Nf6 2. Nf3 g6 3. c3 Bg7 4. Bg5 d6 5. Nbd2 h6 6. Bxf6 Bxf6 7. e4 Bg4 8. Bc4 0-0 9. h3 Bxf3 10. Nxf3 Nd7 11. 0-0 e5 12. dxe5 dxe5 13. Qe2 Qe7 14. Rfd1 Rfd8 15. Bb3 Nc5 1/2-1/2

[Event "CRO-chT (Women) 21st"]
[Site "Sibenik"]
[Date "2012.09.23"]
[Round "1.3"]
[White "Svaljek, Radmila"]
[Black "Sargac, Rajna"]
[Result "0-1"]
[WhiteElo "1998"]
[BlackElo "2153"]
[PlyCount "110"]
[EventDate "2012.09.23"]
[EventType "team-tourn"]
[EventRounds "9"]
[EventCountry "CRO"]
[SourceTitle "CBM 150 Extra"]
[Source "ChessBase"]
[SourceDate "2012.10.19"]
[SourceVersion "1"]
[SourceVersionDate "2012.10.19"]
[SourceQuality "1"]
[WhiteTeam "Rijeka Lucija (W)"]
[BlackTeam "Busevec Polet (W)"]
[WhiteTeamCountry "CRO"]
[BlackTeamCountry "CRO"]

1. d4 g6 2. Nf3 Bg7 3. c3 e6 4. Bg5 Ne7 5. e4 h6 6. Be3 0-0 7. Qc1 Kh7 8. Bd3 d6 9. 0-0 e5 10. dxe5 dxe5 11. Be2 Qe8 12. Na3 Qc6 13. Nd2 f5 14. f3 f4 15. Bf2 g5 16. Nb3 b6 17. c4 h5 18. c5 Qf6 19. Rd1 g4 20. cxb6 cxb6 21. Nb5 Ba6 22. Rd6 Qg5 23. a4 Rc8 24. Qd1 g3 25. Be1 Nbc6 26. h3 Rd8 27. Rxd8 Rxd8 28. Qc2 Bc8 29. Rd1 Rxd1 30. Qxd1 Be6 31. a5 Bf8 32. axb6 axb6 33. Nc7 Bf7 34. Bd3 Ng6 35. Bc3 Bxb3 36. Qxb3 Bc5+ 37. Kf1 Qe7 38. Nd5 Qa7 39. Qd1 Bd4 40. Bb5 Bxc3 41. Nxc3 Nd4 42. Bd3 b5 43. Qd2 Nb3 44. Qc2 Qe3 45. Qe2 b4 46. Nd1 Qc1 47. Ke1 Qc5 48. Bc4 Nd4 49. Qd3 Nxf3+ 50. Qxf3 Qxc4 51. Qxh5+ Kg7 52. Qe2 Qd4 53. b3 Kf6 54. Qb2 f3 55. gxf3 Nf4 0-1

[Event "CRO-chT (Women) 20th"]
[Site "Sibenik"]
[Date "2011.10.08"]
[Round "6.2"]
[White "Svaljek, Radmila"]
[Black "Mihajlovic, Sladjana"]
[Result "1/2-1/2"]
[WhiteElo "2027"]
[BlackElo "1792"]
[PlyCount "85"]
[EventDate "2011.10.04"]
[EventType "team-tourn"]
[EventRounds "7"]
[EventCountry "CRO"]
[SourceTitle "CBM 144 Extra"]
[Source "ChessBase"]
[SourceDate "2011.10.28"]
[SourceVersion "1"]
[SourceVersionDate "2011.10.28"]
[SourceQuality "1"]
[WhiteTeam "Rijeka BKS Bank (W)"]
[BlackTeam "Zrinski Topolovac (W)"]
[WhiteTeamCountry "CRO"]
[BlackTeamCountry "CRO"]

1. d4 d5 2. Nf3 Nf6 3. Bg5 Bf5 4. e3 h6 5. Bf4 e6 6. Bd3 Ne4 7. 0-0 Nd7 8. h3 Ndf6 9. c4 dxc4 10. Bxc4 Bd6 11. Bxd6 Qxd6 12. Qb3 0-0 13. Nc3 c6 14. Nxe4 Nxe4 15. Bd3 Qe7 16. Qc2 Nd6 17. e4 Bh7 18. Rfe1 Rac8 19. Rac1 f5 20. exf5 Bxf5 21. Bxf5 Rxf5 22. Re5 Rcf8 23. Rce1 R8f6 24. Qd3 Qf7 25. Rxf5 exf5 26. b3 Qh5 27. d5 c5 28. Re6 Qf7 29. Ne5 Qc7 30. Rxf6 gxf6 31. Nc4 Nxc4 32. bxc4 Qe5 33. a3 Qe1+ 34. Qf1 Qe5 35. Qd3 Qa1+ 36. Kh2 Qe5+ 37. Kg1 Qe1+ 38. Qf1 Qe5 39. a4 Kf7 40. Qd1 Ke7 41. Kf1 Qc3 42. Qe2+ Kd8 43. Qa2 1/2-1/2

[Event "Pula op 24th"]
[Site "Pula"]
[Date "2010.06.19"]
[Round "1"]
[White "Svaljek, Radmila"]
[Black "Martinovic, Sasa"]
[Result "0-1"]
[WhiteElo "1995"]
[BlackElo "2515"]
[PlyCount "44"]
[EventDate "2010.06.19"]
[EventType "swiss"]
[EventRounds "9"]
[EventCountry "CRO"]
[SourceTitle "CBM 137 Extra"]
[Source "ChessBase"]
[SourceDate "2010.09.01"]
[SourceVersion "1"]
[SourceVersionDate "2010.09.01"]
[SourceQuality "1"]

1. d4 f5 2. Nf3 g6 3. c3 Bg7 4. Nbd2 Nf6 5. Qc2 d5 6. Ne5 0-0 7. Ndf3 Ne4 8. Bf4 e6 9. h4 Nd7 10. Qc1 Ndf6 11. Ng5 Nh5 12. Nxe4 fxe4 13. Bg5 Qe8 14. g4 Nf6 15. Bh6 Nd7 16. Bxg7 Kxg7 17. h5 Nxe5 18. dxe5 Qf7 19. hxg6 Qxf2+ 20. Kd1 Qxf1+ 21. Kc2 Qxc1+ 22. Raxc1 hxg6 0-1

[Event "CRO-chT3A Center"]
[Site "Zagreb"]
[Date "2010.04.11"]
[Round "3.66"]
[White "Svaljek, Radmila"]
[Black "Ivekovic, Benjamin"]
[Result "1-0"]
[WhiteElo "2007"]
[BlackElo "2041"]
[PlyCount "65"]
[EventDate "2010.03.21"]
[EventType "team-tourn"]
[EventRounds "11"]
[EventCountry "CRO"]
[SourceTitle "EXT 2012"]
[Source "ChessBase"]
[SourceDate "2011.11.24"]
[SourceVersion "1"]
[SourceVersionDate "2011.11.24"]
[SourceQuality "1"]

1. d4 g6 2. Nf3 Bg7 3. c3 d6 4. e4 Nd7 5. Bc4 e5 6. dxe5 Nxe5 7. Nxe5 Bxe5 8. Be3 Be6 9. Bxe6 fxe6 10. Nd2 Bg7 11. Qb3 Qc8 12. 0-0 Nf6 13. h3 0-0 14. Bd4 Kh8 15. e5 Nh5 16. exd6 e5 17. Bc5 b6 18. d7 Qxd7 19. Bxf8 Rxf8 20. Ne4 Nf4 21. Qd1 Qf5 22. Ng3 Qg5 23. Qg4 Qe7 24. Ne4 h5 25. Qd1 Qh4 26. Re1 g5 27. Re3 Bh6 28. Rg3 Ne6 29. Qd5 Bg7 30. Qxe6 Qxe4 31. Rxg5 Qe2 32. Rf1 e4 33. Qg6 1-0

[Event "CRO-chT3"]
[Site "Zagreb"]
[Date "2008.10.12"]
[Round "8"]
[White "Okrosa, Marijan"]
[Black "Svaljek, Radmila"]
[Result "1/2-1/2"]
[WhiteElo "2101"]
[BlackElo "2010"]
[PlyCount "176"]
[EventDate "2008.03.30"]
[EventType "team-tourn"]
[EventRounds "9"]
[EventCountry "CRO"]
[SourceTitle "EXT 2011"]
[Source "ChessBase"]
[SourceDate "2010.11.26"]
[SourceVersion "1"]
[SourceVersionDate "2010.11.26"]
[SourceQuality "1"]

1. d4 d5 2. c4 e6 3. Nc3 Nf6 4. Bg5 Be7 5. cxd5 exd5 6. Qc2 c6 7. e3 h6 8. Bxf6 Bxf6 9. Bd3 Nd7 10. Nf3 0-0 11. 0-0 Re8 12. b4 Nf8 13. b5 Bg4 14. Nd2 cxb5 15. Bxb5 Re7 16. Qb3 a6 17. Bd3 Rd7 18. a4 Qa5 19. Qb2 Rc8 20. Ne2 Rdc7 21. f3 Be6 22. Rfb1 Be7 23. Ra2 Bd6 24. Qb6 Qxb6 25. Rxb6 Rd8 26. Rab2 Bc8 27. Rb1 Be7 28. Rc1 Rxc1+ 29. Nxc1 Bg5 30. f4 Be7 31. Rb2 Nd7 32. Rc2 Nf6 33. Ncb3 Ng4 34. Nf1 Bd7 35. h3 Nf6 36. a5 Rc8 37. Rxc8+ Bxc8 38. Nfd2 Bd8 39. Kf2 Kf8 40. Kf3 Bc7 41. Nb1 Ke7 42. Nc3 Bd7 43. g4 g5 44. f5 Bc6 45. Bf1 Kd6 46. Kf2 Ke7 47. Be2 Kd6 48. Ke1 Ke7 49. Kd2 Bd6 50. Kd3 Bb4 51. Bf3 Kd6 52. Na2 Bb5+ 53. Kc2 Be1 54. Nc3 Bc6 55. Nc5 Kc7 56. Nd3 Bg3 57. Ne5 Bxe5 58. dxe5 Nd7 59. e6 fxe6 60. fxe6 Nf6 61. Ne2 Be8 62. Kc3 Kd6 63. Nd4 h5 64. gxh5 Bxh5 65. Nf5+ Kc7 66. Bxh5 Nxh5 67. Kd4 Nf6 68. Ke5 Ne8 69. Kxd5 b6 70. axb6+ Kxb6 71. Nd6 Nf6+ 72. Ke5 Ng8 73. Nc8+ Kc7 74. e7 Kd7 75. e8Q+ Kxe8 76. Nd6+ Ke7 77. Ne4 a5 78. Nxg5 a4 79. Ne4 Nh6 80. Nc3 a3 81. e4 Nf7+ 82. Kf4 Ke6 83. h4 Kf6 84. h5 Ke6 85. Na2 Kf6 86. Nb4 Ke6 87. Na2 Kf6 88. Nc3 Ke6 1/2-1/2

[Event "Pula op 22nd"]
[Site "Pula"]
[Date "2008.06.21"]
[Round "1"]
[White "Feletar, Darko"]
[Black "Svaljek, Radmila"]
[Result "1-0"]
[WhiteElo "2384"]
[BlackElo "2014"]
[PlyCount "47"]
[EventDate "2008.06.21"]
[EventType "swiss"]
[EventRounds "9"]
[EventCountry "CRO"]
[SourceTitle "CBM 125 Extra"]
[Source "ChessBase"]
[SourceDate "2008.09.01"]
[SourceVersion "1"]
[SourceVersionDate "2008.09.01"]
[SourceQuality "1"]

1. d4 d5 2. c4 e6 3. Nc3 Nf6 4. Nf3 c6 5. Bg5 Be7 6. e3 0-0 7. Rc1 Nbd7 8. Bd3 h6 9. Bh4 b6 10. 0-0 Bb7 11. Qe2 c5 12. Rfd1 dxc4 13. Bxc4 Ne4 14. Bg3 Nxg3 15. hxg3 Bxf3 16. gxf3 cxd4 17. exd4 Bg5 18. f4 Bf6 19. Ba6 Qe7 20. Nb5 Rfd8 21. Rc7 Qb4 22. Bb7 Rab8 23. Nxa7 Qa4 24. Bc6 1-0

[Event "Pula op"]
[Site "Pula"]
[Date "2007.06.23"]
[Round "1"]
[White "Lie, Kjetil A"]
[Black "Svaljek, Radmila"]
[Result "1-0"]
[WhiteElo "2529"]
[BlackElo "2071"]
[PlyCount "75"]
[EventDate "2007.06.23"]
[EventType "swiss"]
[EventRounds "9"]
[EventCountry "CRO"]
[SourceTitle "CBM 119 Extra"]
[Source "ChessBase"]
[SourceDate "2007.09.04"]
[SourceVersion "1"]
[SourceVersionDate "2007.09.04"]
[SourceQuality "1"]

1. c4 e6 2. g3 d5 3. Bg2 Nf6 4. Nf3 c6 5. b3 Be7 6. 0-0 Nbd7 7. Bb2 0-0 8. Qc2 b6 9. d3 Bb7 10. Nbd2 Re8 11. e4 Nf8 12. Rad1 Rc8 13. Rfe1 Qc7 14. Be5 Qd8 15. h4 Bb4 16. Bb2 Be7 17. Qb1 N6d7 18. Nf1 Bf6 19. e5 Be7 20. Ne3 Bb4 21. Re2 Qc7 22. h5 Be7 23. Qc1 Qb8 24. Ng4 h6 25. Qa1 Nh7 26. Bc1 Bf8 27. Nh4 Qc7 28. f4 Qd8 29. Kh2 Ba8 30. Bb2 Bb7 31. Rf1 Rc7 32. Qb1 Be7 33. Nf3 Bf8 34. Nd4 a6 35. cxd5 cxd5 36. Qd1 Qe7 37. Bh3 Qc5 38. Rc2 1-0

[Event "CRO-chT 16th"]
[Site "Sibenik"]
[Date "2007.05.21"]
[Round "5"]
[White "Vukusic, Marin"]
[Black "Svaljek, Radmila"]
[Result "1/2-1/2"]
[WhiteElo "2136"]
[BlackElo "2071"]
[PlyCount "81"]
[EventDate "2007.05.17"]
[EventType "team"]
[EventRounds "5"]
[EventCountry "CRO"]
[SourceTitle "CBM 118 Extra"]
[Source "ChessBase"]
[SourceDate "2007.07.04"]
[SourceVersion "1"]
[SourceVersionDate "2007.07.04"]
[SourceQuality "1"]

1. e4 e6 2. d4 d5 3. Nc3 dxe4 4. Nxe4 Bd7 5. Nf3 Bc6 6. Bd3 Nd7 7. 0-0 Bxe4 8. Bxe4 c6 9. Re1 Ngf6 10. Bd3 Be7 11. Qd2 0-0 12. a3 c5 13. c3 cxd4 14. cxd4 Nb6 15. Qf4 Qd5 16. Qh4 Qh5 17. Qg3 Rfd8 18. Bg5 Nfd5 19. Re5 Bd6 20. Bxd8 Bxe5 21. dxe5 Rxd8 22. Ng5 h6 23. Ne4 Nd7 24. f4 Nf8 25. Nd6 b6 26. Be4 Qe2 27. Bxd5 Qxb2 28. Rd1 exd5 29. Nf5 Ng6 30. e6 Qf6 31. exf7+ Qxf7 32. Qg4 Kh7 33. g3 d4 34. Rxd4 Rxd4 35. Nxd4 Qd5 36. Ne6 h5 37. Ng5+ Kh6 38. Qe2 Qc5+ 39. Kg2 Qd5+ 40. Kg1 Qc5+ 41. Kf1 1/2-1/2

[Event "CRO-chT 16th"]
[Site "Sibenik"]
[Date "2007.05.20"]
[Round "4"]
[White "Svaljek, Radmila"]
[Black "Horvat, Sasa"]
[Result "1-0"]
[WhiteElo "2071"]
[BlackElo "2230"]
[PlyCount "85"]
[EventDate "2007.05.17"]
[EventType "team"]
[EventRounds "5"]
[EventCountry "CRO"]
[SourceTitle "CBM 118 Extra"]
[Source "ChessBase"]
[SourceDate "2007.07.04"]
[SourceVersion "1"]
[SourceVersionDate "2007.07.04"]
[SourceQuality "1"]

1. d4 Nf6 2. Nf3 g6 3. Bg5 Bg7 4. Nbd2 d5 5. c3 0-0 6. e3 b6 7. Be2 Bb7 8. 0-0 Nbd7 9. Re1 h6 10. Bh4 Ne4 11. Nxe4 dxe4 12. Nd2 Qe8 13. Qc2 f5 14. f3 exf3 15. Bxf3 Bxf3 16. Nxf3 e5 17. dxe5 Nxe5 18. Nxe5 Bxe5 19. Rad1 g5 20. Bf2 c5 21. Qe2 Qf7 22. c4 Rae8 23. b3 Kg7 24. Rd3 f4 25. Qf3 Qc7 26. Qh3 fxe3 27. Bxe3 Rf7 28. Qh5 Ref8 29. Rdd1 Bd4 30. Qe2 Be5 31. Qh5 Rf5 32. Kh1 Bc3 33. Rg1 Qe7 34. Rd3 Be5 35. Qd1 R8f7 36. Qh5 Bc7 37. Bd2 Rf1 38. Bc3+ Kh7 39. Qg4 Kg6 40. Rh3 Qf8 41. Qe4+ R1f5 42. g4 Kh7 43. gxf5 1-0